|
|
|
|
| LEADER |
00000nam a22000007a 4500 |
| 005 |
20220718215922.0 |
| 007 |
cr|||| |||| |
| 008 |
220718s2021 br |||||s|||| 00||0 por d |
| 020 |
|
|
|a 978859374197-5
|
| 035 |
|
|
|a 36720
|
| 040 |
|
|
|a vLex
|
| 090 |
|
|
|c 13571
|d 13571
|
| 100 |
1 |
|
|a Cavalcante Alves, Alex
|
| 245 |
1 |
1 |
|a A reconduȯ̂ do servidor pb︢lico
|h [Recurso electrn̤ico] :
|b doutrina e jurisprudn̊cia ̉luz da Lei 8.112/1990 e da constituiȯ̂ federal /
|c Alex Cavalcante Alves
|
| 250 |
|
|
|a 2da. Edicin̤
|
| 256 |
|
|
|a Servicio en ln̕ea
|
| 260 |
|
|
|a Rio de Janeiro:
|b Editora Processo,
|c 2021
|
| 300 |
|
|
|a 1 recurso electrn̤ico
|
| 500 |
|
|
|a Esta obra traz, para o debate acadm̊ico, a discussô, j ̀travada no ḿbito jurd̕ico e em diversos questionamentos na seara administrativa, acerca do instituto da reconduȯ̂ do servidor pb︢lico estv̀el ao cargo anteriormente ocupado, previsto na Lei nð 8.112, de 1990. Ao longo do tempo, a prerrogativa tem encontrado interpretaė̳s ds̕pares nos colegiados judicir̀ios e r̤gôs administrativos, o que tem gerado certo grau de inseguranȧ jurd̕ica. A obra delineia, inicialmente, o papel do servidor pb︢lico como elemento humano da Administraȯ̂ Pb︢lica, nô sem antes realizar breve histr̤ico sobre esse tema e sua evoluȯ̂ no Brasil. Posteriormente, passa-se ao estudo do Regime Jurd̕ico dos servidores pb︢licos, com foco nas formas de provimento, gn̊ero do qual a reconduȯ̂ ̌espčie. Em capt̕ulo especf̕ico, a reconduȯ̂ ̌analisada sob todos os aspectos de interpretaȯ̂ que tm̊ suscitado polm̊ica em sua aplicaȯ̂ administrativa, nô raramente levando o assunto ̉anl̀ise dos tribunais. Dessa forma, sô delimitados os contornos do instituto, contribuindo, em cart̀er de estudo acadm̊ico, com os servidores pb︢licos, gestores de recursos humanos e demais aplicadores e intřpretes da lei acerca de sua compreensô.
|
| 506 |
1 |
|
|a Disponible solo en los productos indicados
|d vLex Global
|d vLex Global (Academic Edition, excluding Law Schools)
|d vLex Global (U.S. Academic Edition, Law Schools)
|d vLex Global (U.S. Academic Edition, excluding Law Schools)
|d vLex Global (Academic Edition, Law Schools)
|
| 650 |
0 |
|
|a Derecho Pb︢lico y Administrativo
|z Brasil
|
| 740 |
0 |
|
|a vLex Libros (Servicio en ln̕ea)
|
| 856 |
4 |
0 |
|u https://app.vlex.com/#/sources/36720
|z Acceso restringido
|
| 942 |
|
|
|c BOOK
|
| 999 |
0 |
|
|a Public and Administrative Law
|